000 00874nam a2200253Ia 4500
003 OSt
005 20220930072822.0
006 a|||||r|||| 00| 0
007 ta
008 220926b |||||||| |||| 00| 0 eng d
024 _a25572
037 _cTheses
040 _aCRL
_cCRL
_beng
041 _2eng
_aeng
100 _aJain Neeru
_9530496
110 _aUniversity of Delhi. Faculty of Science. Department of Botany
245 0 _aStudies on in vitro production of plants of black plum, syzygium cuminii (L.) skeels, a myrtaceous fruit tree and 'Isubgol' and 'Gum Katira' as alternative gelling agents
260 _c1999
650 _aBOTANY
700 _a Babbar Shashi B. Supervisor
_9530497
700 _aUniversity of Delhi. Faculty of Science. Department of Botany
942 _cDIS
_2CC
999 _c864354
_d864354